| 000 | 00673nam a22001937a 4500 | ||
|---|---|---|---|
| 003 | NUST-PNEC | ||
| 005 | 20170116180722.0 | ||
| 008 | 141028b xxu||||| |||| 00| 0 eng d | ||
| 020 | _a0080221580 | ||
| 040 | _cPNEC | ||
| 082 | _a620.110321 BEV | ||
| 100 |
_9850 _aBever Michael B. |
||
| 245 |
_aEncyclopedia of materials science and engineering Volume 7. T - Z _cMichael B. Bever |
||
| 260 |
_aOxford : _bPergamon, _cc.1986. |
||
| 300 |
_aV S., S. 4849 - 5551 _bIll., graph. Darst _c25 cm. |
||
| 500 | _ahttps://www.worldcat.org/title/encyclopedia-of-materials-science-and-engineering-vol-7-t-z/oclc/721519081&referer=brief_results | ||
| 650 | _xME | ||
| 942 |
_2ddc _cBK |
||
| 999 |
_c61444 _d61444 |
||